Abortion before birth control: The politics of reproduction in postwar Japan (Record no. 1433195)

MARC details
000 -LEADER
fixed length control field 00612nam a2200193Ia 4500
005 - DATE AND TIME OF LATEST TRANSACTION
control field 20250701164453.0
008 - FIXED-LENGTH DATA ELEMENTS--GENERAL INFORMATION
fixed length control field 008 250505s9999 xx 000 0 eng d
020 ## - INTERNATIONAL STANDARD BOOK NUMBER
International Standard Book Number 0-691-0704-0; 9780691070056
037 ## - SOURCE OF ACQUISITION
Stock number Textual
040 ## - CATALOGING SOURCE
Original cataloging agency EASL
Language of cataloging eng
Transcribing agency EASL
041 ## - LANGUAGE CODE
Language code of text/sound track or separate title eng
Source of code eng
084 ## - COLON CLASSIFICATION NUMBER
Classification number L9F:394.42, P1
Assigning agency EASL
100 ## - MAIN ENTRY--PERSONAL NAME
Personal name Norgren Tiana
9 (RLIN) 666336
245 #0 - TITLE STATEMENT
Title Abortion before birth control: The politics of reproduction in postwar Japan
260 ## - PUBLICATION, DISTRIBUTION, ETC.
Place of publication, distribution, etc. UK
Name of publisher, distributor, etc. Oxford Princeton University Press
Date of publication, distribution, etc. 2001
300 ## - PHYSICAL DESCRIPTION
Extent xiii,242p.
942 ## - ADDED ENTRY ELEMENTS (KOHA)
Koha item type Textual
Classification part L9F:394.42, P1
Holdings
Withdrawn status Lost status Damaged status Not for loan Collection Home library Current library Date acquired Total Checkouts Full call number Barcode Date last seen Price effective from Koha item type
        Japanese English Language Department of East Asian Studies Library Department of East Asian Studies Library 2025-07-01   L9F:394.42, P1 EA13940016 2025-07-01 2025-07-01 Textual
Copyright @ Delhi University Library System